نمواران ادب / (Record no. 109072)

MARC details
000 -LEADER
fixed length control field 00859nam a22002537a 4500
005 - DATE AND TIME OF LATEST TRANSACTION
control field 20170123162348.0
010 ## - LIBRARY OF CONGRESS CONTROL NUMBER
LC control number B-100317
020 ## - INTERNATIONAL STANDARD BOOK NUMBER
Terms of availability 200.00
International Standard Book Number 818573898
035 ## - SYSTEM CONTROL NUMBER
System control number B-100317
037 ## - SOURCE OF ACQUISITION
Source of stock number/acquisition Cen Lib/Ret
040 ## - CATALOGING SOURCE
Original cataloging agency DPL
Language of cataloging UR
082 ## - DEWEY DECIMAL CLASSIFICATION NUMBER
Classification number 840.92
Item number ن ق و
100 ## - MAIN ENTRY--PERSONAL NAME
Personal name امام مرتضیٰ نقوی
9 (RLIN) 114169
245 ## - TITLE STATEMENT
Title نمواران ادب /
Statement of responsibility, etc امام مرتضیٰ نقوی
246 ## - VARYING FORM OF TITLE
Title proper/short title Namwaran-e-adab /
Remainder of title by Imam Murtaza Naqvi
260 ## - PUBLICATION, DISTRIBUTION, ETC. (IMPRINT)
Place of publication, distribution, etc دہلی
Name of publisher, distributor, etc کتاب والا
Date of publication, distribution, etc 2004
270 ## - ADDRESS
Address ٢٧٩٤، گلی جھوٹ ولی، پہاڑی بھوجلہ
City دہلی
Postal code 110006
300 ## - PHYSICAL DESCRIPTION
Extent 168p.
Dimensions 21cm(Hb)
650 ## - SUBJECT ADDED ENTRY--TOPICAL TERM
Topical term or geographic name as entry element ادب -- اردو
9 (RLIN) 135068
650 ## - SUBJECT ADDED ENTRY--TOPICAL TERM
Topical term or geographic name as entry element اردو تنقید
9 (RLIN) 135069
650 ## - SUBJECT ADDED ENTRY--TOPICAL TERM
Topical term or geographic name as entry element Literature -- Urdu
9 (RLIN) 135070
650 ## - SUBJECT ADDED ENTRY--TOPICAL TERM
Topical term or geographic name as entry element Urdu criticism
9 (RLIN) 135071
942 ## - ADDED ENTRY ELEMENTS (KOHA)
Source of classification or shelving scheme Dewey Decimal Classification
Koha item type Urdu Bks
Classification part 840.92
Call number suffix ن ق و
Holdings
Withdrawn status Lost status Damaged status Not for loan Home library Current library Date acquired Source of acquisition Cost, normal purchase price Total Checkouts Full call number Barcode Date last seen Copy number Cost, replacement price Price effective from Koha item type
        Central Library Central Library 19/02/2016 Cen Lib/Ret 200.00   840.92 ن ق و B-100317 19/02/2016 1 200.00 19/02/2016 Urdu Bks

© Delhi Public Library
Hit Counter
free hit counter